004180000a2200133000450024500850000065000260008565000190011165000170013065100220014704100130016970000230018210000220020577300570022710aDefining phytoclimatic units in Galicia, Spain, by means of multivariate methods14aGradientes Climaticos14aDistribución14aVegetación 4dGaliciapEspaña0 aInglés1 aCarballeira, Alejo1 aRetuerto, Rubén1 tJournal of Vegetation Science3263h2q699-710d1991